Sports Quiz

Random Sports or WWE Quiz

King of the Ring Winners Quiz Stats

 Plays Quiz Updated Jun 19, 2019

Score 0/20 Timer 03:00
1 Play Today
Year Winner % Correct
1996Steve Austin
85%
1997Hunter Hearst Helmsley
79.7%
1991Bret Hart
74.9%
1993Bret Hart
74.9%
2015Bad News Barrett
71.1%
2006Booker T
70.4%
1994Owen Hart
69.8%
2001Edge
60.2%
2000Kurt Angle
58.9%
2008William Regal
57.7%
Year Winner % Correct
2002Brock Lesnar
52.8%
2010Sheamus
49.5%
1987Randy Savage
49%
1995Mabel
45.5%
1999Billy Gunn
45.1%
1998Ken Shamrock
37.4%
1986Harley Race
37%
1988Ted DiBiase
24.9%
1985Don Muraco
20.8%
1989Tito Santana
19.8%

You're not logged in!

Compare scores with friends on all Sporcle quizzes.
OR
Log In

Sporcle TV

Today on Sporcle TV


Watch our educational content, quiz creation guides, and fun videos on Sporcle TV.

Show Comments

Extras

Top Quizzes Today


Score Distribution

Your Account Isn't Verified!

In order to create a playlist on Sporcle, you need to verify the email address you used during registration. Go to your Sporcle Settings to finish the process.

Report this User

Report this user for behavior that violates our Community Guidelines.

Details: